00729nam a2200241Ia 450000100060000000300090000600800410001504000130005604000130006904100130008210000180009510000290011324500540014224500480019625000110024426000100025526000230026526000490028830000570033750000400039465000220043465000310045637409IT-RoPAU130308s9999 xx 000 0 und d aIT-RoPAU cIT-RoPAU aFRANCESE aDahlhaus Carl gCodice Aut. SPICS: 7627 aPlaidoyer pour une theorie actuelle de la musique bQuoi? Quand? Comment?-La Recherche Musicale a1a ed. aPARIS bBourgois Crhistian c1985 [1° Ed.:1985 - Ed.Ling.Originale:1985] a"14 p. (prefazione: no ; testo: 14 [pagine: 73-86])" aPer una Teoria Attuale della Musica aTEORICHE MUSICALI eCodice materia Spics: 7005